<?xml version="1.0" encoding="UTF-8"?>
<marc:record xmlns:marc="http://www.loc.gov/MARC21/slim">
   <marc:leader>00000nam a2200000 a 4500</marc:leader>
   <marc:datafield ind1="1" ind2=" " tag="100">
      <marc:subfield code="a">Lenz, Albert</marc:subfield>
      <marc:subfield code="4">edt</marc:subfield>
      <marc:subfield code="e">Bearbeiter/-in</marc:subfield>
   </marc:datafield>
   <marc:datafield ind1=" " ind2=" " tag="653">
      <marc:subfield code="a">Empowerment</marc:subfield>
   </marc:datafield>
   <marc:datafield ind1=" " ind2=" " tag="653">
      <marc:subfield code="a">Psychosoziale Arbeit</marc:subfield>
   </marc:datafield>
   <marc:datafield ind1=" " ind2=" " tag="653">
      <marc:subfield code="a">Softcover / Psychologie</marc:subfield>
   </marc:datafield>
   <marc:datafield ind1=" " ind2=" " tag="653">
      <marc:subfield code="a">Aufsatzsammlung</marc:subfield>
   </marc:datafield>
   <marc:datafield ind1="0" ind2="0" tag="245">
      <marc:subfield code="a">Empowerment</marc:subfield>
   </marc:datafield>
   <marc:datafield ind1="0" ind2="0" tag="245">
      <marc:subfield code="b">Handbuch für die ressourcenorientierte Praxis</marc:subfield>
   </marc:datafield>
   <marc:datafield ind1="0" ind2="0" tag="245">
      <marc:subfield code="c">hrsg. von Albert Lenz</marc:subfield>
   </marc:datafield>
   <marc:datafield ind1=" " ind2="1" tag="264">
      <marc:subfield code="a">Tübingen</marc:subfield>
      <marc:subfield code="b">Dgvt-Verl.</marc:subfield>
      <marc:subfield code="c">2011</marc:subfield>
   </marc:datafield>
   <marc:datafield ind1="1" ind2=" " tag="490">
      <marc:subfield code="a">Fortschritte der Gemeindepsychologie und Gesundheitsförderung</marc:subfield>
      <marc:subfield code="v">Bd. 22</marc:subfield>
   </marc:datafield>
   <marc:datafield ind1="1" ind2=" " tag="520">
      <marc:subfield code="a">Angaben aus der Verlagsmeldung

Empowerment : Handbuch für die ressourcenorientierte Praxis

Das Empowerment-Konzept beinhaltet eine konsequente Hinwendung zu den kompetenten und aktiv gestalterischen Seiten der Menschen. Weg vom einseitigen Blick auf ihre Defizite und ihre Hilfsbedürftigkeit stehen stattdessen ihre Ressourcen, Schutzfaktoren und Resilienzen im Mittelpunkt.

Was die Empowermentperspektive von anderen Ressourcenansätzen in der Psychologie und Psychotherapie unterscheidet ist:
- der Blick für die – wenn auch oftmals verschütteten – Stärken und Kräfte von Menschen in unterschiedlichen sozialen Kontexten und
- ein Modell der professionellen Hilfebeziehung, das durch einen kooperativen und partizipativen Prozess gekennzeichnet ist, in dem sich das Expertenwissen ständig in einem Dialog mit dem Wissen der Betroffenen befindet.

Der Mensch wird als handelndes Subjekt betrachtet, das zur Bearbeitung und Gestaltung seines Lebens sowie zur Aufrechterhaltung seiner Gesundheit und seines psychosozialen Wohlbefindens sowohl individuelle als auch soziale und kontextbezogene Ressourcen benötigt. Gleichzeitig werden drei Handlungsebenen miteinander verknüpft, die sonst meist getrennt voneinander behandelt werden: Individuum, soziales Netzwerk und soziales Umfeld.

Durch die Ressourcenaktivierung auf einer Ebene werden Synergieeffekte auf den jeweils anderen ausgelöst, was den Einsatz verschiedener Methoden und Strategien erforderlich macht. Die Empowermentarbeit greift dabei vor allem auf Methoden aus dem Repertoire der systemisch-lösungsorientierten Therapie, der narrativen Psychologie sowie auf gemeinde psychologisch orientierte Netzwerkinterventionen zurück, die in diesem Band alle praxisnah und ausführlich vorgestellt werden.
</marc:subfield>
   </marc:datafield>
   <marc:datafield ind1=" " ind2=" " tag="020">
      <marc:subfield code="a">9783871596223</marc:subfield>
      <marc:subfield code="9">9783871596223</marc:subfield>
   </marc:datafield>
   <marc:datafield ind1=" " ind2=" " tag="041">
      <marc:subfield code="a">ger</marc:subfield>
   </marc:datafield>
   <marc:datafield ind1=" " ind2=" " tag="300">
      <marc:subfield code="a">456 S.</marc:subfield>
   </marc:datafield>
</marc:record>
